Analýza finančnej situácie účtovnej jednotky na základe ukazovateľov zistených zo súvahy bakalárska práca

Guardado en:
Detalles Bibliográficos
Autor principal: Tvarošková, Alena
Autor Corporativo: Fakulta hospodárskej informatiky EU. Katedra účtovníctva a audítorstva
Otros Autores: Varinská, Katarína
Formato: Libro
Lenguaje:eslovaco
Publicado: Bratislava 2012
Etiquetas: Agregar Etiqueta
Sin Etiquetas, Sea el primero en etiquetar este registro!

MARC

LEADER 00000nbm a2200000 4500
001 0156311
005 20161109111952.4
041 0 |a slo 
044 |a SK 
245 1 0 |a Analýza finančnej situácie účtovnej jednotky na základe ukazovateľov zistených zo súvahy  |b bakalárska práca  |c Alena Tvarošková ; školiteľ: Katarína Varinská 
264 1 |a Bratislava  |c 2012 
300 |a 42 s. 
100 1 |a Tvarošková, Alena 
700 1 |a Varinská, Katarína 
710 2 |a Fakulta hospodárskej informatiky EU. Katedra účtovníctva a audítorstva